000 00685cam a2200217 a 4500
001 16741462
005 20250224105831.0
008 110419s2012 enka b 001 0 eng
010 _a 2011016984
020 _a9780415561099 (pbk.)
040 _aDLC
_cDLC
_dKCST
042 _apcc
050 0 0 _aPE1112
_b.B456 2012
082 0 0 _a428.2
_222
100 1 _aBerry, Roger,
_d1951-
_94573
245 1 0 _aEnglish grammar :
_ba resource book for students /
_cRoger Berry.
260 _aLondon ;
_aNew York :
_bRoutledge,
_c2012.
300 _axviii, 270 p. :
_bill. ;
_c26 cm.
504 _aIncludes bibliographical references (p. [255]-266) and index.
650 0 _aEnglish language
_xGrammar.
_9111
999 _c457
_d457